MDQL
is popping MORE tags! Check the
thread
!
Quizzes
Events
Quiz Creation
Community
Videos
Private Events
Remove Ads
Sign In
Join for FREE
Feedback
Dark Mode
Quiz Categories
Sports
Geography
Music
Movies
Television
Just For Fun
Miscellaneous
History
Literature
Language
Science
Gaming
Entertainment
Religion
Holiday
For Kids
Quiz Lab
Recent
Popular Today
Quiz Kudos Today
Editor Picks
Curator Picks
Quizzes by...
Day
Popularity
Type
Ratings
Length
Year
Community
Subscriptions
Recent Discussions
Orange Saloon
Badges
Playlists
Quests
Create
Leaderboards
Showdown
Live 5
Trivia Bingo
Activity
Puzzle Library
Sporcle Events
Private Events
Virtual Trivia
Globe League
Become a Host
Pub Owners
SporcleCon
Opinionation
Our Games
Videos
Blog
Mobile Apps
Partnerships
Remove Ads and Go Orange
Feedback
Music
Pop Music
The Beatles
Song
Album
Lyrics
Bands
Singers
Artist
Clip
Rock
Rap
Classical
Billboard
Country Music
Kpop
Taylor Swift
Music
Pop Music
The Beatles
Song
Album
Lyrics
Bands
Singers
Artist
Clip
Rock
Rap
Classical
Billboard
Country Music
Kpop
Taylor Swift
Random Quiz
Search Sporcle
×
Quiz Lab
Quiz Lab
Music
Movie Songs
Select answers by clicking on text or image buttons
Select answers by clicking on text or image buttons
Clickable
Best Score? Go Orange.
Movie Song Match Stats
Can you match the song to the movie it appears in.
By
MegregGW
15m
30 Questions
88 Plays
88 Plays
88 Plays
Comments
Comments
Give Quiz Kudos
Give Quiz Kudos
-
- Ratings
hide this ad
More Info
Forced Order
Answers have to be entered in order
Answers have to be entered in order
Replay
Link that replays current quiz
Next Quiz
Link to next quiz in quiz playlist
You Got
0%
They Got
Avg Score
47%
Avg Friend Score
Upgrade to see
Score Distribution
Jump to the score distribution portion of the page
Score
0/30
Timer
15:00
0
Plays Today
% Correct
Saturday Night Fever
95.5%
The Wizard Of Oz
95.5%
The Graduate
90.9%
8 Mile
90.9%
The Bodyguard
89.8%
Top Gun
77.3%
Shrek
75%
Butch Cassidy and the Sundance Kid
69.3%
Risky Business
68.2%
Ghost
61.4%
Almost Famous
61.4%
The Spy Who Loved Me
60.2%
Reservoir Dogs
58%
Say Anything
54.5%
Apocalypse Now
48.9%
% Correct
Eurotrip
33%
Goodfellas
33%
The Hangover
31.8%
The Departed
30.7%
Empire Records
26.1%
Dirty Dancing
25%
Lethal Weapon
25%
Grosse Pointe Blank
23.9%
Singles
21.6%
Black Hawk Down
19.3%
Zodiac
18.2%
Kill Bill Vol. 1
17%
Inglourious Basterds
13.6%
Proof Of Life
11.4%
Crank
8%
Quiz Playlist
Details
Report
Send in Message
Add To Playlist
More Info:
Please let me know if any of these songs appear in more than one of these specific movies.
Clickable:
Select answers by clicking on text or image buttons
Forced Order:
Answers have to be entered in order
Last Updated: Feb 16, 2017
Quiz Scoreboard
CHALLENGE
Sign Up to Join the Scoreboard
Show All
Scores
Hide
Comments
May contain spoilers
Recently Published
5x2 Blitz: Bands
by SL_Kpop136
Music
30s
Colored Red Africa Blitz
by spor1
Geography
30s
Find the 'City' Movie
by crazypaving
Movies
60s
More to Explore
Quiz From the Vault
Featured Blog Post
14 Easter Pick-up Lines to Find Eggs With
hide this ad
You Might Also Like...
Tags
Movie Songs
Today's Top Quizzes in Music
Browse Music
hide this ad
Today's Top Quizzes in Movie Songs
Browse Movie Songs
Top Contributed Quizzes in Music
1
5X2 Blitz: Bands II
2
5X2 Blitz: The Beatles
3
Taylor Swift All Songs (2024)
4
5X2 Blitz: Billboard
5
Taylor Swift Logic Puzzle II
6
5X2 Blitz: Billboard II
7
Taylor Swift Logic Puzzle
8
5X2 Blitz: Rock
9
5X2 Blitz: Singers
10
5X2 Blitz: Album
Explore More
Trending Topics
Disney
Harry Potter
Anime
NBA
Crossword
Marvel
Kpop
Soccer
Pokémon
NFL
The Office
Song
Country
WWE
Puzzle
hide this ad
More By:
MegregGW
Quiz
Plays
Rating
Category
Featured
Created
90's Rock One Word Titles Match
361
3.38
Music
Aug 7, 2013
Movie Song Match
88
3.00
Music
Nov 25, 2013
Canada Day Rocks
62
5.00
Music
Jul 1, 2013
Killing in the Song of
33
3.50
Music
Jun 30, 2013
Go to Creator's Profile
Score Distribution
Quiz Creator Spotlight
MegregGW
Follow
Send a Message
Quizzes Created
-
Created Quiz Play Count
-
More By This Creator
Popular Quizzes Today
1
Colored Red Africa Blitz
2
Find the 'City' Movie
3
Find the US States - No Outlines Minefield
4
5x2 Blitz: Bands
5
The Countries of the World
6
Find the US States
7
US States
8
9x9 Crossword: Cartoon Network
More Music Quizzes
50 Random Songs XIII (Clips)
Quiz Lab
Trending Quizzes
Colored Red Europe Blitz I
Colored Red Europe Blitz II
Colored Red Africa Blitz II
Colored Red Europe Blitz III
Colored Red Africa Blitz III
Recently Updated
How Do You Spell That?
pecheneg
Godzilla Movies
pecheneg
Grab Bag: 4-10 Letters
pecheneg
2024 March Madness Bracket
pecheneg
Famous TV Couples
Peacemaker
Champions League XIs: Real Madrid
pecheneg
Largest US Cities 1790-2010
pecheneg
Rides in Walt Disney World
pecheneg
Most Oscar Losses (Acting)
pecheneg
Beyoncé Albums
pecheneg
Trending Topics
NBA
Disney
Crossword
Marvel
Kpop
Harry Potter
Anime
Soccer
Song
Puzzle
Pokémon
The Office
WWE
NFL
Country
Your Account Isn't Verified!
In order to create a playlist on Sporcle, you need to verify the email address you used during registration. Go to your
Sporcle Settings
to finish the process.
Report this User
Report this user for behavior that violates our
Community Guidelines
.
Details:
Send Report
Go to the Sporcle.com Mobile Site →
Comments